Estudio de prefactibilidad de una planta industrial dedicada a la fabricación y distribución de cojines decorativos ubicada en el departamento de Managua en el periodo 2023-2027

EL estudio de prefactibilidad es la de una organización formal, legal e industrial, para ser la primera planta industrial especializada en este producto de tendencia decorativa tomando en cuenta la oportunidad de este sector textil insatisfecho y altamente cotizado. El estudio se basará en las pre...

Full description

Bibliographic Details
Main Authors: Arias Díaz, Marvin Alexander, Gaitán Obando, Cinthya Saraí,, González, Francela del Carmen
Other Authors: Tutor: Silvestri Jirón, Pietro Marcelo
Format: Tesis Section = Libro
Language:Undetermined
Spanish
Published: Managua UNI 2023
Subjects:
LEADER 01615nam a2200289Ia 4500
008 240830s9999 xx 000 0 und d
040 |a BIBLIOTECA-RUPAP/ Mon 658.11 A696 
041 |a spa 
082 |a Mon 658.11 A696 
100 1 |a Arias Díaz, Marvin Alexander 
100 1 |b Gaitán Obando, Cinthya Saraí, 
100 1 |c  González, Francela del Carmen 
245 1 0 |a Estudio de prefactibilidad de una planta industrial dedicada a la fabricación y distribución de cojines decorativos ubicada en el departamento de Managua en el periodo 2023-2027 
260 |a Managua  |b UNI  |c 2023 
300 |a 195 p. :il. 
500 |a Contiene: anexos y CD. 
502 |a Tesis (Ingeniero Industrial) - UNI, 2023. 
520 3 |a EL estudio de prefactibilidad es la de una organización formal, legal e industrial, para ser la primera planta industrial especializada en este producto de tendencia decorativa tomando en cuenta la oportunidad de este sector textil insatisfecho y altamente cotizado. El estudio se basará en las predicciones, estabilidad y rentabilidad en el mercado nacional, estudio técnico de la planta con los respectivos costos iniciales y de inversión a largo plazo, también una propuesta de logística de recepción de materia prima y despacho de pedidos tanto departamentales como regionales. 
650 7 |a  NUEVOS NEGOCIOS-PROYECTOS 
650 7 |b  ESTUDIOS DE FACTIBILIDAD 
650 7 |c  ESTUDIO DE MERCADO 
650 7 |d  ESTUDIO FINANCIERO 
650 7 |e  COJINES-COMERCIO 
700 1 |a Tutor:  |b Silvestri Jirón, Pietro Marcelo 
942 |c BK  |2 ddc 
991 |a Tesis 
999 |c 27582